The best 1001 wordperfect tips ever
| Main Author: | |
|---|---|
| Format: | Book |
| Published: |
California :
Osborne McGraw-Hill ,
1994
|
| Subjects: |
MARC
| LEADER | 00000cam a2200000 7i4500 | ||
|---|---|---|---|
| 001 | 0000009962 | ||
| 002 | 000010852 | ||
| 005 | 20000330.0 | ||
| 020 | |a 0078818192 | ||
| 090 | 0 | 0 | |a 005.3 |b CAM |
| 100 | 1 | |a Campbell, Mary | |
| 245 | 1 | 4 | |a The best 1001 wordperfect tips ever |c Mary Campbell |
| 260 | |a California : |b Osborne McGraw-Hill , |c 1994 | ||
| 300 | |a p.v. : |b ill. ; |c 25 cm. | ||
| 630 | 0 | 0 | |a WordPerfect (Computer file) |
| 650 | 0 | 0 | |a Word processing |
| 650 | 0 | 0 | |a WordPerfect (Computer program) |
| 999 | |a 053103 |b BUKU |c PINJAMAN |e PERPUSTAKAAN KOMUNITI PETALING JAYA | ||